000
00212 a2200097 4500
001
12150
100
_a
Ikram Jamali
245
_a
Dhoop Dhoop Sehra Main
260
_a
_b
mOdern Book Depot
_c
090
_c
9356
_d
9356
942
_a
NUST-CAE
_c
M
_c
36218
999
_c
247223
_d
247223